A primer for teachers and administrators of technical education / (Record no. 3460)

000 -LEADER
fixed length control field 00446nam a22001457a 4500
008 - FIXED-LENGTH DATA ELEMENTS--GENERAL INFORMATION
fixed length control field 200616b ||||| |||| 00| 0 eng d
041 0# - LANGUAGE CODE
Language code of text/sound track or separate title eng
245 10 - TITLE STATEMENT
Title A primer for teachers and administrators of technical education /
250 ## - EDITION STATEMENT
Edition statement 1st ed.
260 ## - PUBLICATION, DISTRIBUTION, ETC. (IMPRINT)
Place of publication, distribution, etc New Delhi :
Name of publisher, distributor, etc ISTE,
Date of publication, distribution, etc 1997.
300 ## - PHYSICAL DESCRIPTION
Extent 172 p.
650 #0 - SUBJECT ADDED ENTRY--TOPICAL TERM
Topical term or geographic name as entry element Technical Education
700 ## - ADDED ENTRY--PERSONAL NAME
9 (RLIN) 2849
Personal name George, P. J.
Relator term editor and compiler
942 ## - ADDED ENTRY ELEMENTS (KOHA)
Item type Books
Holdings
Withdrawn status Lost status Source of classification or shelving scheme Damaged status Not for loan Permanent location Current location Date acquired Full call number Barcode Date last seen Cost, replacement price Koha item type Source of acquisition Cost, normal purchase price
          IMU Kolkata IMU Kolkata 1998-01-23 371.1 G3471 08812 2020-06-16 150.00 Books    
          IMU Kolkata IMU Kolkata 2020-06-16     2020-06-16 150.00 Books 17 150.00
Designed and Maintained by IMU-KC Library, Kolkata Campus © Copyright All Rights Reserved

webs counters

Powered by Koha